| 000 | 00423nam a2200157Ia 4500 | ||
|---|---|---|---|
| 005 | 20250516012800.0 | ||
| 008 | 240331s9999 xx 000 0 und d | ||
| 020 | _a9552089212 | ||
| 082 |
_bJAY _a294 |
||
| 100 | _aJayawardena,H.V.G.S | ||
| 245 | 0 | _aAththa thiththayi viteka pudumayi -1 | |
| 260 |
_aColombo _bS. Godake & Brothers _c2005 |
||
| 300 | _a222 p ., | ||
| 500 | _aA Book on Social Scientist Research | ||
| 942 | _cL | ||
| 999 |
_c5239 _d5239 |
||